Manual de planificación y gestión de proyectos administrativos / Javier Carrasco Arias, Rafael Ramos Díaz
ISBN:
84-7351-186-7
Descripción Física:
221 p. : gràfics ; 19 cm
Otros Autores:
Ramos Díaz, Rafael
MARC
| LEADER | 00000nam a2200000Ia 4500 | ||
|---|---|---|---|
| 001 | 18353 | ||
| 008 | 160829s1986 xx 000 0 cat d | ||
| 020 | |a 84-7351-186-7 | ||
| 080 | |a M-5-299 | ||
| 100 | |a Carrasco Arias, Javier |9 23150 | ||
| 245 | |a Manual de planificación y gestión de proyectos administrativos / Javier Carrasco Arias, Rafael Ramos Díaz | ||
| 260 | |a Madrid : |b Instituto Nacional de Administración Pública, |c 1986 | ||
| 300 | |a 221 p. : |b gràfics ; |c 19 cm | ||
| 490 | |a Biblioteca básica de administración pública. Serie especial | ||
| 590 | |a Bibliografia | ||
| 650 | 0 | |a Administració pública |9 23819 | |
| 650 | 0 | |a Dret administratiu |z Espanya |9 23238 | |
| 700 | |a Ramos Díaz, Rafael |9 23153 | ||
| 901 | |a Arxiu | ||
| 942 | |n 1 | ||
| 952 | |0 0 |1 0 |4 0 |6 M5299 |7 1 |9 42560 |a Arxiu |b Arxiu |d 2016-12-01 |l 0 |o M-5-299 |p 18353 |r 2016-12-01 00:00:00 |w 2016-12-01 |y ARXIU | ||
| 999 | |c 45065 |d 45065 | ||